Laboratory anatomy of the fetal pig
This extensively updated manual is designed for an elementary course in vertebrate biology, and will also complement a variety of courses in general biology, zoology, or basic anatomy.
Guardado en:
| Autor principal: | |
|---|---|
| Formato: | Libro |
| Lenguaje: | Undetermined |
| Publicado: |
Dubuque, IA
McGraw-Hill
1997
|
| Materias: | |
| Etiquetas: |
Agregar Etiqueta
Sin Etiquetas, Sea el primero en etiquetar este registro!
|
| Thư viện lưu trữ: | Trung tâm Học liệu Trường Đại học Cần Thơ |
|---|
| LEADER | 00832nam a2200217Ia 4500 | ||
|---|---|---|---|
| 001 | CTU_166702 | ||
| 008 | 210402s9999 xx 000 0 und d | ||
| 020 | |c 90.63 | ||
| 082 | |a 571.3196332 | ||
| 082 | |b C532 | ||
| 100 | |a Chiasson, Robert B. | ||
| 245 | 0 | |a Laboratory anatomy of the fetal pig | |
| 245 | 0 | |c Robert B. Chiasson, Theron O. Odlaug, William J. Radke | |
| 260 | |a Dubuque, IA | ||
| 260 | |b McGraw-Hill | ||
| 260 | |c 1997 | ||
| 520 | |a This extensively updated manual is designed for an elementary course in vertebrate biology, and will also complement a variety of courses in general biology, zoology, or basic anatomy. | ||
| 650 | |a Swine,Swine | ||
| 650 | |x Fetuses,Anatomy,Laboratory manuals,Fetuses,Dissection,Laboratory manuals | ||
| 904 | |i Giang | ||
| 980 | |a Trung tâm Học liệu Trường Đại học Cần Thơ | ||